000 00783nam a2200253Ia 4500
003 OSt
005 20220926022556.0
006 a|||||r|||| 00| 0
007 ta
008 220923b |||||||| |||| 00| 0 eng d
037 _cGeneral Book
040 _aRTL
_cRTL
_beng
041 _2eng
_aeng
082 _aX:8C:(G:55, P0/UN
110 _aUnited Nations, economic and social affairs Deptt of --
245 0 _aIntegrated environmental and economic accounting
260 _aNew York
_bUnited Nations USA
_c2000
300 _ax, 235p.
_ccm.
500 _aBibliography P 229-35
650 _aFinancial Accounts
700 _aUnited Nations, economic and social affairs Deptt of --
942 _hX:8C:(G:55, P0/UN
_cGB
_2CC
999 _c639812
_d639812